000 01725nam0a2200349 i 4500
001 RU\NLR\bibl\1987934
005 20260409071700.0
010 _a9785898386542
_950
021 _aRU
_b2012-100324
_97401
035 _a(NLR Aleph) 001976512
090 _a4029450
_c4029450
100 _a20130117d2012 u y0rusy50 ca
101 0 _arus
102 _aRU
105 _aa |||||||||
200 1 _aФилософия и история образования
_eучебное пособие
_fН.С. Пономарева, Г.В. Гарбузова, Г.И. Куцебо
_gМ-во образования и науки Рос. Федерации, Брянский гос. техн. ун-т
210 _aБрянск
_cИзд-во БГТУ
_d2012
215 _a80 с.
_cил.
_d21
320 _aБиблиогр. в конце разд. и в тексте
606 _aОбразование
_xФилософские вопросы
_jУчебные издания
_3RU\NLR\auth\66769152
_91723116
606 1 _aОбразование
_jУчебные издания
_xИстория
_92370434
_3RU\NLR\auth\661414892
686 _aЧ30в.я7
686 _aЧ33я7
700 1 _4070
_aПономарева
_bН. С.
_cпреподаватель, общая педагогика
_gНаталья Сергеевна
_9141489
_3RU\NLR\AUTH\770141525
701 1 _4070
_aГарбузова
_bГ. В.
_cканд. психол. наук
_gГалина Владимировна
_9244174
_3RU\NLR\AUTH\770244230
701 1 _aКуцебо
_bГ. И.
_gГригорий Иванович
_4070
801 0 _aRU
_bNLR
_c20130117
_gRCR
801 1 _aRU
_bNLR
_c20130117
942 _cBOOK
980 _aNBR